000 00391nam a2200157Ia 4500
008 230711s9999||||xx |||||||||||||| ||und||
041 _aENG
082 _a800
_bSA-S
100 _aSanjeev,Kapoor
245 0 _aSimply vegetarian : a complaniments 2005
250 _a1st Ed.
260 _c2005
_aNew Delhi
_bPapoular Prakastion Ramdoes
300 _a106
650 _aLiterature
942 _cBK
999 _c4393
_d4393